Decisione e norma: ristampa
Guardat en:
| Autor principal: | |
|---|---|
| Format: | Llibre |
| Idioma: | italià |
| Publicat: |
Nápoles
Jovene
1979
|
| Matèries: | |
| Etiquetes: |
Afegir etiqueta
Sense etiquetes, Sigues el primer a etiquetar aquest registre!
|
MARC
| LEADER | 00000nam a2200000 a 4500 | ||
|---|---|---|---|
| 001 | UCV2297 | ||
| 003 | CL-VaPUC | ||
| 008 | 920430e19790000IT |||||||||||||||||ita|d | ||
| 082 | 0 | 4 | |a 348.044 |b CAT |2 21 |
| 100 | 0 | |a Catania, Alfonso |e author |9 296570 | |
| 245 | 1 | 0 | |a Decisione e norma: ristampa |
| 300 | |a 184 p | ||
| 942 | |c BK | ||
| 945 | |d 19920430 00:00:00 | ||
| 260 | |a Nápoles |b Jovene |c 1979 | ||
| 650 | 7 | |a DECISIONES JUDICIALES |2 CL-VaPUC |9 257661 | |
| 650 | 7 | |a ORDENANZAS MUNICIPALES |2 CL-VaPUC |9 257662 | |
| 583 | |a last modification |c 19920430 00:00:00 |k Rodrigo Vera | ||
| 999 | |c 209930 |d 209928 | ||
| 952 | |0 0 |1 0 |4 0 |6 348_044000000000000_CAT_1979 |7 0 |8 DER_TF |9 185824 |a BIBDER |b BIBDER |d 2019-11-14 |i 2532611 |l 1 |o 348.044 CAT 1979 |p 2532611 |r 2023-01-25 |s 2020-03-18 |w 2019-11-14 |x Ubicación 4to Piso |y BK |z Estos recursos deben solicitarse con anticipación |k DER | ||